مكتبة جامعة عجلون الوطنية

فهرس بحث المكتبة

Normal view MARC view
  • الفريحات، فريد عيسى توفيق

Entry Personal Name

Number of records used in: 1

001 - CONTROL NUMBER

  • control field: 65265

003 - CONTROL NUMBER IDENTIFIER

  • control field: JO-AjAnu

005 - DATE AND TIME OF LATEST TRANSACTION

  • control field: 20240402120405.0

008 - FIXED-LENGTH DATA ELEMENTS

  • fixed length control field: 240402|| aca||aabn | a|a d

040 ## - CATALOGING SOURCE

  • Original cataloging agency: JO-AjAnu

100 #1 - HEADING--PERSONAL NAME

  • Personal name: الفريحات، فريد عيسى توفيق
  • Relator term: مؤلف